000 00662nam a2200157Ia 4500
008 231221s9999 xx 000 0 und d
041 _aEnglish
082 _aJN30302
245 0 _aDigit (1999 -
260 _cApr, 2014
_bJasubhai Media Pvt Ltd
300 _cJN30302
510 _aFor On-line : http://www.thinkdigit.com Highlites From: mobile world congress Barcelona 24-27 February, alpha samsung unpacked 2014 mark zuckerberg you tube fan fest, sponsored: transcendence movie content, Audibooks: The art of war characteristics of cats The lost world and more...
650 _aComputer Science
650 _aDigit,(1999,-,Computer Science
942 _cCD
999 _c217663
_d217663